| 000 | 00894nac a22002531u 4500 | ||
|---|---|---|---|
| 010 | _a 82022882 | ||
| 020 | _a007014995X : | ||
| 082 | 0 | 0 |
_a624.0685 _bCUS |
| 090 |
_c6492 _d6492 |
||
| 100 | _aCushman, Robert F. | ||
| 245 | 0 | 4 |
_aThe McGraw-Hill construction management form book / _cRobert F. Cushman ... [et al.]. |
| 260 |
_aNew York : _bMcGraw-Hill,c1983. _cc1983. |
||
| 300 |
_axiv, 407 p. ; _c24 cm. |
||
| 500 | _aIncludes index. | ||
| 500 | _aDistributer: Al-Ahram. | ||
| 504 | _aBibliography: p. [393]-396. | ||
| 511 | _aCatalogued By:Mahitab. | ||
| 650 | 0 | _aConstruction contracts. | |
| 650 | 0 |
_aConstruction industry _xManagement _xForms. |
|
| 700 | 1 |
_aCushman, Robert Frank, _d1931- |
|
| 710 | 2 | _aMcGraw-Hill Book Company. | |
| 942 |
_cBB _k624.0685CUS |
||
| 999 |
_c6492 _d6492 |
||